000 00495nab a2200193 4500
001 244442
003 OSt
005 20230726130652.0
007 tu
008 200917s2020|||||||
040 _aDE-2950
_cDE-2950
245 0 0 _aFanfarengarde zu Gast bei Freunden in Genua.
_cred
264 _c2023
653 _a'Frankfurt (Oder)
653 _aFanfarengarde
653 _aGenua
773 0 _g34. Jahrgang (2023) Nr. 159 vom 11.07.2023, S. 16, mit Foto
_tMärkische Oderzeitung
942 _2z
_cA
999 _c372635
_d372635